01085nam a2200301 a 4500001001000000003000500010005001700015008004100032010001100073011001100084040000900095090001000104100003800114245013900152260003700291300001600328502008100344590004000425650003800465650003100503650003100534650004000565901000700605942001000612942000600622999001900628952013600647000111729CHAP20220329144226.0150722s2014 mx |rm |0|||||spa d a108190 a109162 cCHAP aTesis1 aMendoza García, Rosalia912967310aAplicación de trichoderma spp. sobre algunas características vegetativas en genotipos de maíz /cpor Rosalía Mendoza García. aCocula, Gro. :bEl autor,c2014. axiii, 51 h. aTesis (Ing. Agr. en Fitotecnia) -- CSAEGRO. Centro de Estudios Profesionales aE5765TAJb05c20150722lUCH01h114614aFungicidasxAplicación.912660414aMaízxGenética.97096314aMaízxVariedades.97108114aTrichoderma como fungicida.9129638 aBK cTESIS n0 c108190d108190 00104054718TESISaBCbBCd2015-07-22fTESISl0oTesisp33724002505322r2019-12-31 00:00:00w2019-12-31yTESISzRecien adquirido